|
|
|
|
| LEADER |
00000nam a2200000 a 4500 |
| 001 |
vtls001380681 |
| 003 |
SK-MaSNL |
| 005 |
20260301161354.0 |
| 008 |
210928s1990 xx 0 eng |
| 035 |
|
|
|a SNK000334678
|
| 040 |
|
|
|a SNK
|b slo
|c SNK
|e AACR2
|
| 080 |
|
|
|a 784.66:785.1(086.7)
|2 1981
|
| 245 |
1 |
|
|a Ozzy Osborne. The ozzman cometh
|h zvukový dokument
|
| 260 |
|
|
|a B.m.
|b Sony Music Entertainment
|c [1990]
|
| 300 |
|
|
|a 1 kompaktná platňa
|b stereo
|
| 505 |
0 |
|
|a Obsahuje 18 piesní
|
| 511 |
|
|
|a Účinkuje Ozzy Osbourne
|
| 650 |
0 |
7 |
|a populárna hudba
|x platne kompaktné
|2 SNK
|9 283660
|
| 655 |
|
7 |
|a kompaktné platne
|2 SNK
|9 70690
|
| 700 |
1 |
|
|a Osbourne, Ozzy,
|d 1948-2025
|4 uci
|9 255168
|
| 958 |
|
|
|a OND
|
| 999 |
|
|
|c 809176
|d 811106
|
| 952 |
|
|
|t P65, <07>, [BOOK], {657}
|a SNK
|b SNK
|y PREZ
|7 0
|p 17A0222892
|o snkICD 921/1-2
|i snkJK 656/99
|0 0
|1 0
|4 0
|d 2000-01-13
|l 0
|r 2005-01-02 00:00:00
|w 2026-02-24
|